Los Clásicos segun Fontanarrosa

Gespeichert in:
Bibliographische Detailangaben
1. Verfasser: Fontanarrosa, Roberto (VerfasserIn)
Format: Buch
Sprache:Spanisch
Veröffentlicht: Buenos Aires De la Flor 1993
Ausgabe:3a. ed
Schlagworte:
Tags: Tag hinzufügen
Keine Tags, Fügen Sie den ersten Tag hinzu!

MARC

LEADER 00000nam a2200000 a 4500
001 UCH8149
003 CL-VaPUC
008 091127e19930000AG |||||||||||||||||spa|d
020 |a 9505156286 
082 0 4 |a 868  |b FON  |2 21 
100 0 |a Fontanarrosa, Roberto  |e author  |9 544597 
245 1 4 |a Los Clásicos segun Fontanarrosa 
250 |a 3a. ed 
300 |a 80 p 
942 |c BK 
945 |d 20091127 00:00:00  |a ccalabra 
260 |a Buenos Aires  |b De la Flor  |c 1993 
500 |a <La >Iliada 
500 |a <La >Odisea 
500 |a Alí Babá 
500 |a Ivanhoe 
500 |a Piel de Asno 
500 |a <El >Flautista de hamelín 
500 |a Otelo 
500 |a Hansel y Gretel 
500 |a Pabis, gurus, laxos y praxis 
500 |a Robinson crusoe 
500 |a Moby dick 
500 |a <La >cabaña del tío Tom 
500 |a <La >isla del tesoro 
650 0 |a Literatura  |9 259151 
650 0 |a Literatura universal  |9 420446 
650 0 |a Escritores  |9 313723 
650 0 |a Literatura infantil   |9 307465 
650 0 |a Ficción   |9 376687 
650 0 |a Narrativa  |9 336727 
650 0 |a Lectura  |9 307634 
583 |a last modification  |c 20091127 00:00:00  |k Rodrigo Vera 
999 |c 338390  |d 338388